LEADER 01396nam a2200289 u 4500 001 000000076087 003 CaOOAMICUS 005 20070226123154.0 008 031105s2002 it u000 u ita u 035 $a10975000 040 $aPUL$bita 100 1 $aCavina Boari, Ginevra.$0(OLS)http://pul/name/50599 245 10$aCredibilità soggettiva ed oggettiva tra fatto storio e fatto giuridico nel diritto probatorio canonico /$cGinevra Cavina Boari. 260 $aRoma :$bPontificia Università Lateranense,$c2002. 300 $a197 p.; ;$c24 cm 502 $aThesis (Doct.) -- Pontificia Universitas Lateranensis, 2002. 504 $aBibliografia in nota. 650 4$aProva (diritto).$0(OLS)http://pul/subject/18725 650 4$aDiritto canonico.$0(OLS)http://pul/subject/1294 710 2 $aPontificia Università Lateranense.$0(OLS)http://pul/name/287 850 $aPUL 852 $aPUL$W1$xDP1 Tesi Pon Univ. Lateranense$y41$mTH PUL 1034$j97789$nBK-PRI$b $qTesi$B97789$CPULBib$Z2$F97789 $H93762 $81 910 $aPontificio Ateneo Lateranense$9287 910 $aPontificio Ateneo Lateranense$9287 941 1 $a16 996 $6245$aCredibilità soggettiva ed oggettiva tra fatto storio e fatto giuridico nel diritto probatorio canonico$9(OLS)http://pul/title/99806 996 $6260$aRoma :$bPontificia Università Lateranense$9(OLS)http://pul/publisher/47963 LEADER 01437nam a2200325 u 4500 001 000000081462 003 CaOOAMICUS 005 20070226123746.0 008 050322s2003 fr u000 u fre u 020 $a2204070394 035 $a11035661 040 $aPUL$bita 100 1 $aAveline, Jean-Marc,$ccard.,$d1958-$0(OLS)http://pul/name/54292 245 12$aL'enjeu christologique en théologie des religions :$ble débat Tillich-Troeltsch /$cJean-Marc Aveline ; préface par Joseph Doré. 260 $aParis :$bCerf,$c2003. 300 $a757 p. ;$c22 cm 490 1 $aCogitatio fidei ;$v227 504 $aBibliografia in nota. 600 14$aTillich, Paul,$d1886-1965.$0(OLS)http://pul/subject/21765 600 14$aTroeltsch, Ernst,$d1865-1923.$0(OLS)http://pul/subject/19631 650 4$aCristologia.$0(OLS)http://pul/subject/1402 830 0$aCogitatio fidei ;$v227.$0(OLS)http://pul/title/876 850 $aPUL 852 $aPUL$W1$xSL Religione 2$y84$mTheol A13 227$j103904$nBK-PRI$b $qStampati altre collocazioni$B103904$CPULBib$Z2$F103904 $HPUL97448 $81 941 1 $a10 960 $aIesus Christus$91402 960 $aIesus Christus$91402 996 $6020$a2204070394$9(OLS)http://pul/number/107927 996 $6245$aL'enjeu christologique en théologie des religions :$ble débat Tillich-Troeltsch$9(OLS)http://pul/title/106547 996 $6260$aParis :$bCerf$9(OLS)http://pul/publisher/48238